| 000 | 00400pab a2200145 454500 | ||
|---|---|---|---|
| 008 | 180718b2001 xxu||||| |||| 00| 0 eng d | ||
| 100 | _aJob, Sebastian | ||
| 245 | _aGlobalising Russia? The neoliberal/nationalist two step and the russification of the west | ||
| 260 | _c2001 | ||
| 300 | _ap.931-49 | ||
| 362 | _aDec | ||
| 650 | _aGlobalization | ||
| 773 | _aThird World Quarterly | ||
| 909 | _a51407 | ||
| 999 |
_c51407 _d51407 |
||